000 00440nam a22000977a 4500
008 170925b xxu||||| |||| 00| 0 eng d
100 _aNational Philatelic Museum
245 _aCentenary Stamp Exhibition Bavaria and German States
260 _aPhiladelphia
_bNational Philatelic Museum
_c1949
650 _aPostage stamps -- Germany -- Bavaria -- Exhibitions. | Postage stamps -- Germany -- Exhibitions. | Stamp collecting -- Germany -- Exhibitions.
999 _c2485
_d2485